| 000 | nam a22 a 4500 | ||
|---|---|---|---|
| 999 |
_c2876 _d2876 |
||
| 005 | 20170518144500.0 | ||
| 008 | 170518b1972 ii ||||| |||| 00| 0 eng d | ||
| 040 | _aAKMAL | ||
| 082 | _a658 NEW | ||
| 090 |
_a658 _bNEW |
||
| 100 |
_aWilliam H. Newman _96051 |
||
| 245 |
_aThe Process of Management _bConcepts, Behavior, and Practice / _cWilliam H. Newman |
||
| 260 |
_aIndia _bPrentice-hall of India Offset Press _c1972 |
||
| 300 |
_a748p. _ccm |
||
| 942 |
_2ddc _cBOOK |
||